Top 50 Municipalities In Newfoundland And Labrador By Population(2021) - Statistics

General Stats
  • This quiz has been taken 49 times
  • The average score is 19 of 50
Answer Stats
Starting Letter Municipal Type Population Answer % Correct
S City 110,525 St. John's
96%
G Town 11,880 Gander
87%
C City 19,333 Corner Brook
83%
G Town 13,853 Grand Falls-Windsor
74%
L Town 7,412 Labrador City
74%
C Town 27,168 Conception Bay South
70%
M City 22,477 Mount Pearl
70%
H Town 8,040 Happy Valley-Goose Bay
61%
P Town 22,957 Paradise
61%
C Town 6,704 Clarenville
57%
B Town 5,974 Bay Roberts
52%
P Town 3,289 Placentia
52%
S Town 6,540 Stephenville
52%
C Town 3,547 Channel-Port aux Basques
48%
D Town 4,864 Deer Lake
48%
B Town 3,190 Bonavista
43%
L Town 3,288 Lewisporte
43%
M Town 5,204 Marystown
43%
P Town 3,524 Pasadena
43%
P Town 8,415 Portugal Cove–St. Philip's
43%
T Town 7,852 Torbay
43%
H Town 2,471 Holyrood
39%
S Town 2,965 Springdale
39%
S Town 2,180 St. Anthony
39%
B Town 1,566 Bay Bulls
35%
C Town 4,696 Carbonear
35%
F Town 1,722 Flatrock
35%
P Town 2,063 Pouch Cove
35%
G Town 1,816 Gambo
30%
L Town 2,364 Logy Bay-Middle Cove-Outer Cove
30%
T Town 2,121 Twillingate
30%
G Town 1,948 Glovertown
26%
G Town 2,152 Grand Bank
26%
B Town 2,237 Burin
22%
H Town 1,477 Harbour Breton
22%
H Town 2,796 Harbour Grace
22%
W Town 1,964 Wabush
22%
B Town 3,082 Bishop's Falls
17%
B Town 2,778 Botwood
17%
F Town 2,117 Fogo Island
17%
S Town 1,634 Stephenville Crossing
17%
W Town 1,640 Witless Bay
17%
N Town 2,044 New-Wes-Valley
13%
T Town 1,649 Trinity Bay North
13%
S Town 2,630 Spaniard's Bay
9%
H Town 1,537 Humber Arm South
4%
M Town 1,606 Massey Drive
4%
V Town 1,658 Victoria
4%
W Town 1,815 Wabana
4%
K Town 1,842 Kippens
0%
No matching quizzes found
Score Distribution
Percent of People with Each Score
Percentile by Number Answered
Your Score History
You have not taken this quiz